000 00670nam a2200241Ia 4500
001 28571
005 20240114001055.0
007 ta
008 060614s857 g b000 u be u
040 _aCotton College Assam
041 _abe
082 _a181.48
_bB 469 Sa
100 _aBhattacharya, Pitambar Sidhantabagish .
245 0 _aSambandh Koumudi /
_cPitambar Sidhantabagish Bhattacharya.
_hTextual Documents
250 _a1st ed. /
260 _aCalcutta :
_bSibnarayan Das ,
_c1857 Sakabda.
300 _a51p. ;
_c22cm.
653 _aIndian Philosophy
653 _aG-Philosophy
942 _2ddc
_cBK
999 _c28553
_d28553